000 00610nam a2200133Ia 4500
008 171212s9999 xx 000 0 und d
020 _a9780833087508
100 _aBlank, Jonah;Clary, Christopher;Nichiporuk, Brian
245 _cBlank, Jonah;Clary, Christopher;Nichiporuk, Brian
_aDrivers of Long-Term Insecurity and Instability in Pakistan
_bUrbanization
260 _bRAND Corporation
_c2014
650 _aHistory
650 _aUrbanization -- Pakistan; Rural-urban migration -- Pakistan; Cities and towns -- Growth; Internal security -- Pakistan
856 _uhttp://www.jstor.org/stable/10.7249/j.ctt1287mdc
999 _c351970
_d351970